<?xml version="1.0" encoding="UTF-8"?>
<record
    xmlns:xsi="http://www.w3.org/2001/XMLSchema-instance"
    xsi:schemaLocation="http://www.loc.gov/MARC21/slim http://www.loc.gov/standards/marcxml/schema/MARC21slim.xsd"
    xmlns="http://www.loc.gov/MARC21/slim">

  <leader>01610nam a22003497a 4500</leader>
  <controlfield tag="003">OSt</controlfield>
  <controlfield tag="005">20240818095902.0</controlfield>
  <controlfield tag="008">170704s2011    ts a   grb    001 0 ara d</controlfield>
  <datafield tag="020" ind1=" " ind2=" ">
    <subfield code="a">9789953878393</subfield>
  </datafield>
  <datafield tag="040" ind1=" " ind2=" ">
    <subfield code="a">EG-ScBUE</subfield>
    <subfield code="b">ara</subfield>
    <subfield code="c">EG-ScBUE</subfield>
  </datafield>
  <datafield tag="041" ind1="1" ind2=" ">
    <subfield code="a">ara </subfield>
    <subfield code="h">eng</subfield>
  </datafield>
  <datafield tag="082" ind1="0" ind2="4">
    <subfield code="2">22</subfield>
    <subfield code="a">509.1767</subfield>
    <subfield code="b">&#x635; &#x644; &#x64A;</subfield>
  </datafield>
  <datafield tag="100" ind1="1" ind2=" ">
    <subfield code="a">&#x635;&#x644;&#x64A;&#x628;&#x627;&#x60C; &#x62C;&#x648;&#x631;&#x62C;.</subfield>
  </datafield>
  <datafield tag="240" ind1=" " ind2=" ">
    <subfield code="a">Islamic science and the making of the European Renaissance.</subfield>
    <subfield code="l">Arabic</subfield>
  </datafield>
  <datafield tag="245" ind1="1" ind2="2">
    <subfield code="a">&#x627;&#x644;&#x639;&#x644;&#x648;&#x645; &#x627;&#x644;&#x625;&#x633;&#x644;&#x627;&#x645;&#x64A;&#x629; &#x648;&#x642;&#x64A;&#x627;&#x645; &#x627;&#x644;&#x646;&#x647;&#x636;&#x629; &#x627;&#x644;&#x623;&#x648;&#x631;&#x648;&#x628;&#x64A;&#x629; /</subfield>
    <subfield code="c">&#x62A;&#x623;&#x644;&#x64A;&#x641; &#x62C;&#x648;&#x631;&#x62C; &#x635;&#x644;&#x64A;&#x628;&#x627; &#x61B; &#x62A;&#x631;&#x62C;&#x645;&#x629; &#x645;&#x62D;&#x645;&#x648;&#x62F; &#x62D;&#x62F;&#x627;&#x62F; &#x61B; &#x645;&#x631;&#x627;&#x62C;&#x639;&#x629; &#x648;&#x62A;&#x62D;&#x631;&#x64A;&#x631; &#x645;&#x631;&#x643;&#x632; &#x627;&#x644;&#x62A;&#x639;&#x631;&#x64A;&#x628; &#x648;&#x627;&#x644;&#x628;&#x631;&#x645;&#x62C;&#x629;. </subfield>
  </datafield>
  <datafield tag="250" ind1=" " ind2=" ">
    <subfield code="a">&#x637;. 1. </subfield>
  </datafield>
  <datafield tag="260" ind1=" " ind2=" ">
    <subfield code="a">&#x623;&#x628;&#x648; &#x638;&#x628;&#x64A; : </subfield>
    <subfield code="b">&#x643;&#x644;&#x645;&#x629;&#x60C;</subfield>
    <subfield code="b">&#x645;&#x631;&#x643;&#x632; &#x62C;&#x627;&#x645;&#x639; &#x627;&#x644;&#x634;&#x64A;&#x62E; &#x632;&#x627;&#x64A;&#x62F; &#x627;&#x644;&#x643;&#x628;&#x64A;&#x631; &#x61B;</subfield>
    <subfield code="a">&#x628;&#x64A;&#x631;&#x648;&#x62A; : </subfield>
    <subfield code="b">&#x627;&#x644;&#x62F;&#x627;&#x631; &#x627;&#x644;&#x639;&#x631;&#x628;&#x64A;&#x629; &#x644;&#x644;&#x639;&#x644;&#x648;&#x645; &#x646;&#x627;&#x634;&#x631;&#x648;&#x646;&#x60C; </subfield>
    <subfield code="c">2011.</subfield>
  </datafield>
  <datafield tag="300" ind1=" " ind2=" ">
    <subfield code="a">477 &#x635;. : </subfield>
    <subfield code="b">&#x625;&#x64A;&#x636;. &#x61B; </subfield>
    <subfield code="c">24 &#x633;&#x645;. </subfield>
  </datafield>
  <datafield tag="500" ind1=" " ind2=" ">
    <subfield code="a">&#x64A;&#x634;&#x62A;&#x645;&#x644; &#x639;&#x644;&#x649; &#x643;&#x634;&#x627;&#x641;.</subfield>
  </datafield>
  <datafield tag="504" ind1=" " ind2=" ">
    <subfield code="a">&#x628;&#x628;&#x644;&#x64A;&#x648;&#x62C;&#x631;&#x627;&#x641;&#x64A;&#x629; : &#x635;. 413-436.</subfield>
  </datafield>
  <datafield tag="546" ind1=" " ind2=" ">
    <subfield code="a">&#x627;&#x644;&#x646;&#x635; &#x628;&#x627;&#x644;&#x644;&#x63A;&#x629; &#x627;&#x644;&#x639;&#x631;&#x628;&#x64A;&#x629; &#x61B; &#x645;&#x62A;&#x631;&#x62C;&#x645; &#x645;&#x646; &#x627;&#x644;&#x644;&#x63A;&#x629; &#x627;&#x644;&#x625;&#x646;&#x62C;&#x644;&#x64A;&#x632;&#x64A;&#x629;.</subfield>
  </datafield>
  <datafield tag="590" ind1=" " ind2=" ">
    <subfield code="a">&#x633;&#x627;&#x631;&#x629;</subfield>
  </datafield>
  <datafield tag="650" ind1=" " ind2="7">
    <subfield code="2">BUEsh</subfield>
    <subfield code="a">&#x627;&#x644;&#x62D;&#x636;&#x627;&#x631;&#x629; &#x627;&#x644;&#x623;&#x648;&#x631;&#x648;&#x628;&#x64A;&#x629;  </subfield>
    <subfield code="x">&#x62A;&#x623;&#x62B;&#x64A;&#x631;&#x627;&#x62A; &#x625;&#x633;&#x644;&#x627;&#x645;&#x64A;&#x629;.</subfield>
  </datafield>
  <datafield tag="650" ind1=" " ind2="7">
    <subfield code="2">BUEsh</subfield>
    <subfield code="a">&#x627;&#x644;&#x62D;&#x636;&#x627;&#x631;&#x629; &#x627;&#x644;&#x625;&#x633;&#x644;&#x627;&#x645;&#x64A;&#x629; </subfield>
    <subfield code="z">&#x623;&#x648;&#x631;&#x648;&#x628;&#x627;.</subfield>
  </datafield>
  <datafield tag="651" ind1=" " ind2=" ">
    <subfield code="2">BUEsh</subfield>
  </datafield>
  <datafield tag="700" ind1="1" ind2=" ">
    <subfield code="a">&#x62D;&#x62F;&#x627;&#x62F;&#x60C; &#x645;&#x62D;&#x645;&#x648;&#x62F;&#x60C;</subfield>
    <subfield code="e">&#x645;&#x62A;&#x631;&#x62C;&#x645;.</subfield>
  </datafield>
  <datafield tag="710" ind1="2" ind2=" ">
    <subfield code="a">&#x645;&#x631;&#x643;&#x632; &#x627;&#x644;&#x62A;&#x639;&#x631;&#x64A;&#x628; &#x648;&#x627;&#x644;&#x628;&#x631;&#x645;&#x62C;&#x629;&#x60C; </subfield>
    <subfield code="e">&#x645;&#x631;&#x627;&#x62C;&#x639;</subfield>
    <subfield code="e">&#x645;&#x62D;&#x631;&#x631;. </subfield>
  </datafield>
  <datafield tag="942" ind1=" " ind2=" ">
    <subfield code="2">ddc</subfield>
    <subfield code="h">RDA-MOD</subfield>
  </datafield>
  <datafield tag="999" ind1=" " ind2=" ">
    <subfield code="c">24978</subfield>
    <subfield code="d">24950</subfield>
  </datafield>
  <datafield tag="336" ind1=" " ind2=" ">
    <subfield code="2">rdacontent</subfield>
    <subfield code="a">&#x646;&#x635;</subfield>
    <subfield code="b">txt</subfield>
  </datafield>
  <datafield tag="337" ind1=" " ind2=" ">
    <subfield code="a">&#x628;&#x62F;&#x648;&#x646; &#x648;&#x633;&#x64A;&#x637;</subfield>
    <subfield code="2">rdamedia</subfield>
    <subfield code="b">n</subfield>
  </datafield>
  <datafield tag="338" ind1=" " ind2=" ">
    <subfield code="a">&#x645;&#x62C;&#x644;&#x62F;</subfield>
    <subfield code="b">nc</subfield>
    <subfield code="2">rdacarrier</subfield>
  </datafield>
  <datafield tag="952" ind1=" " ind2=" ">
    <subfield code="0">0</subfield>
    <subfield code="1">0</subfield>
    <subfield code="2">ddc</subfield>
    <subfield code="4">0</subfield>
    <subfield code="7">0</subfield>
    <subfield code="8">Madboly</subfield>
    <subfield code="a">MAIN</subfield>
    <subfield code="b">MAIN</subfield>
    <subfield code="c">1ST</subfield>
    <subfield code="d">2017-07-04</subfield>
    <subfield code="e">Purchase</subfield>
    <subfield code="g">100.00</subfield>
    <subfield code="h">04183</subfield>
    <subfield code="o">509.1767 &#x635; &#x644; &#x64A;</subfield>
    <subfield code="p">000046105</subfield>
    <subfield code="r">2025-07-15 00:00:00</subfield>
    <subfield code="v">125.00</subfield>
    <subfield code="y">BB</subfield>
  </datafield>
</record>
